|
|
|
|
| LEADER |
00000nab a2200000 a 4500 |
| 001 |
vtls000838448 |
| 003 |
SK-MaSNL |
| 005 |
20260303192318.0 |
| 008 |
160322c2003 xo 0 slo |
| 015 |
|
|
|a SNBRB2003/07-18519
|
| 035 |
|
|
|a CLN000190103
|
| 040 |
|
|
|a SNKBUCL
|b slo
|c SNKBUCL
|e AACR2
|
| 041 |
0 |
|
|a slo
|
| 044 |
|
|
|a xo
|c SK
|
| 080 |
|
|
|a 75.071.1
|2 UDC-MRF-SK2
|
| 080 |
|
|
|a 76.071.1
|2 UDC-MRF-SK2
|
| 080 |
|
|
|a 929 Sokol, Koloman
|2 UDC-MRF-SK2
|
| 100 |
1 |
|
|a Šimko, Vladimír
|4 aut
|9 163177
|
| 245 |
1 |
0 |
|a Odkaz Kolomana Sokola
|b púšťou, pred ktorou sa skončila životná epopeja velikána svetového umenia, pokračuje na ceste do sveta liptovská železnica
|c Vlado Šimko
|
| 300 |
|
|
|b Fotogr.
|
| 600 |
1 |
7 |
|a Sokol, Koloman,
|d 1902-2003
|2 snkbucl
|9 37175
|
| 655 |
|
7 |
|a články z novín a časopisov
|2 snkbucl
|9 267496
|
| 773 |
0 |
|
|t Mosty
|g Roč. 12, č. 3 (2003), s. 10-11
|
| 850 |
|
|
|a Slovenská národná knižnica v Martine
|
| 852 |
|
|
|a SNK
|b KIS3GCP
|
| 958 |
|
|
|a BX
|
| 958 |
|
|
|a RBX
|
| 999 |
|
|
|c 2145508
|d 2147438
|